Countries provinces quiz - Statistics

General Stats
  • This quiz has been taken 5 times
  • The average score is 5 of 15
Answer Stats
Hint Answer % Correct
Biggest province of Finland Rovaniemi / Lapland
80%
Smallest province in the world Vatican city
80%
The only province of Timor Leste is Dili
40%
Provinces of Armenia Kapan / Yerevan / Gyumri
40%
Which province of France, has the longest border whit Brazil Camopi
20%
Haiti has 2 provinces, one of the smallest compared to Size, what are the provinces Cap Haitien / Port Au Prince
20%
Isle of man, is also called sometimes this, Which is the province name of Isle of man Douglas
20%
Launceston and ###### are the 2 provinces of Tasmania Hobart
20%
Bongao is closest to this province of Philippines Jolo
20%
Oulu shares the longest russian border whit this province Loukhi
20%
Palma De ######## is famous province of Spain Mallorca
20%
Hokkaido has three provinces, what is the shouthest one Sapporo
20%
Sumakarta, shares the longest border whit this province Semarang
20%
Closest province to Yuzhny island is Severny island
20%
Northern most province of New Zealand Whangrei
20%
No matching quizzes found
Score Distribution
Percent of People with Each Score
Percentile by Number Answered
Your Score History
You have not taken this quiz